Baki - Raitai Tournament - Statistics

General Stats
  • This quiz has been taken 47 times
  • The average score is 11 of 12
Answer Stats
Question Answer % Correct
Regular Tournament Fight #3 Hanma Baki
100%
Regular Tournament Fight #7 Retsu Kaiou
100%
Regular Tournament Fight #5 Biscuit Oliva
96%
Chinese vs Outsiders Fight #1 Biscuit Oliva
96%
Chinese vs Outsiders Fight #2 Hanma Baki
96%
Regular Tournament Fight #2 Mohammad Alai Jr
96%
Chinese vs Outsiders Fight #3 Retsu Kaiou
96%
Regular Tournament Fight #1 Hanma Yuujiro
93%
Regular Tournament Fight #4 Kaku Kaiou
89%
Chinese vs Outsiders Fight #4 Mohammad Alai Jr
89%
Regular Tournament Fight #6 Jaku Kaiou
70%
Chinese vs Outsiders Fight #5 No winner
63%
No matching quizzes found
Score Distribution
Percent of People with Each Score
Percentile by Number Answered
Your Score History
You have not taken this quiz